| 000 | 00000nam 2200000zi 4500 |
| 001 | 9.951130 |
| 003 | CaOODSP |
| 005 | 20250822074722 |
| 006 | m o d f |
| 007 | cr mn||||||||| |
| 008 | 250515e202506##onca ob f000 0 eng d |
| 020 | |a9780660773162 |
| 040 | |aCaOODSP|beng|erda|cCaOODSP |
| 043 | |an-cn--- |
| 045 | |ay1y2 |
| 086 | 1 |aHP5-262/2025E-PDF |
| 245 | 00|aEvaluation of the Emergency Preparedness and Response Program 2019-20 to 2023-24 : |bfinal report - October 2024 / |cprepared by the Office of Audit and Evaluation, Public Health Agency of Canada. |
| 246 | 13|aEvaluation of the Emergency Preparedness and Response Program 2019-20 to 2023-24 |
| 264 | 1|aOttawa, ON : |bPublic Health Agency of Canada = Agence de la santé publique du Canada, |cJune 2025. |
| 264 | 4|c©2025 |
| 300 | |a1 online resource (ix, 61 pages) : |bcolour illustrations |
| 336 | |atext|btxt|2rdacontent |
| 337 | |acomputer|bc|2rdamedia |
| 338 | |aonline resource|bcr|2rdacarrier |
| 500 | |aIssued also in French under title: Évaluation du Programme de mesures et d'interventions d'urgence de 2019-2020 à 2023-2024 : rapport définitif - octobre 2024. |
| 500 | |aTitle from cover. |
| 500 | |a"Pub.: 250055"--Page i. |
| 504 | |aIncludes bibliographical references (page 61). |
| 610 | 20|aPublic Health Agency of Canada|xEvaluation. |
| 650 | 0|aEmergency management|zCanada|xEvaluation. |
| 710 | 2 |aPublic Health Agency of Canada. |bOffice of Audit and Evaluation, |eissuing body. |
| 775 | 08|tÉvaluation du Programme de mesures et d'interventions d'urgence de 2019-2020 à 2023-2024 : |w(CaOODSP)9.951132 |
| 856 | 40|qPDF|s1.02 MB|uhttps://publications.gc.ca/collections/collection_2025/aspc-phac/HP5-262-2025-eng.pdf |
| 856 | 4 |qHTML|sN/A|uhttps://www.canada.ca/en/public-health/corporate/transparency/corporate-management-reporting/evaluation/emergency-preparedness-response-program-2019-2020-2023-2024.html |
| 986 | |a250055 |